General Trends in Robotic Production Systems Design
Popis vývoja projektovania robotických systémov. Klasifikácia stratégií projektovania.
Gespeichert in:
| 1. Verfasser: | |
|---|---|
| Format: | Buchkapitel |
| Sprache: | Slowakisch |
| Schlagworte: | |
| Tags: |
Keine Tags, Fügen Sie das erste Tag hinzu!
|
MARC
| LEADER | 00000naa$a2200000$$$4500 | ||
|---|---|---|---|
| 001 | 0277957 | ||
| 005 | 20220819161954.1 | ||
| 041 | 0 | |a slo | |
| 044 | |a SK | ||
| 245 | 1 | 0 | |a General Trends in Robotic Production Systems Design |c Naqibullah Daneshjo |
| 520 | |a Popis vývoja projektovania robotických systémov. Klasifikácia stratégií projektovania. | ||
| 610 | 2 | 0 | |a projektovanie |
| 610 | 2 | 0 | |a roboty |
| 610 | 2 | 0 | |a systémy výrobné |
| 610 | 2 | 0 | |a dizajn |
| 100 | 1 | |a Daneshjo, Naqibullah, 1964- | |